Die meistgeschauten Animes aller Zeiten - Statistiken

Allgemein
  • Dieses Quiz wurde 1.723 mal gespielt
  • Das Durchschnittsergebnis liegt bei 4 aus 20
Antwortstatistiken
Antwort % Korrekt
5 Naruto
93%
19 Dragon Ball Z
80%
4 Bleach
55%
2 Death Note
49%
1 Fullmetal Alchemist
25%
11 Code Geass: Lelouch of the Rebellion
15%
18 Code Geass: Lelouch of the Rebellion R2
15%
15 Inuyasha
13%
7 Elfen Lied
12%
3 Cowboy Bebop
10%
6 Neon Genesis Evangelion
10%
10 Prinzessin Mononoke
4%
9 Spirited away
4%
20 Fruits Basket
3%
12 FLCL
1%
17 Full Metal Panic
1%
14 Samurai Champloo
1%
13 Trigun
1%
16 Chobits
0%
8 The Melancholy of Haruhi Suzumiya
0%
Keine übereinstimmenden Quizze gefunden
Verteilung der Resultate
Anzahl Personen mit jedem Resultat
Perzentil nach korrekt beantworteten Fragen
Ihre Resultats-Entwicklung
Sie haben dieses Quiz noch nicht gespielt